000 01314nam a22003737a 4500
003 CHAP
005 20220329133420.0
008 971013s1991 r 00010 d
010 _a6130
011 _a7102
035 _a6325
040 _cCHAP
090 _aTesis
100 0 0 _aRodríguez Cabello, Juan Antonio.
_998343
245 _aProductividad de genotipos de tejocote (Crataegus pubescens H.B.K.) Steud en relación al tamaño de árbol y presencia de espinas
260 _aChapingo, Méx. :
_bEl autor,
_c1991
300 _a102 h.
500 _a61-21
502 _aTesis (Ing. Agr. Esp. en Fitotecnia) -- UACH. Departamento de Fitotecnia
590 _aALEPH
_b10
_c20130110
_lUCH01
_h1217
590 _aBATCH-UPD
_b10
_c20130109
_lUCH01
_h2333
590 _aBATCH-UPD
_b10
_c20130110
_lUCH01
_h0152
590 _aBATCH-UPD
_b10
_c20130110
_lUCH01
_h2156
590 _aBATCH-UPD
_b10
_c20130409
_lUCH01
_h1859
590 _aBATCH-UPD
_b10
_c20130410
_lUCH01
_h1504
590 _aBATCH-UPD
_b10
_c20130914
_lUCH01
_h2006
590 _aCONVERSION
_b10
_c20130109
_lUCH01
_h1304
650 1 4 _aTejocote
_xFisiología y morfología.
_9112046
650 1 4 _aTejocote
_xGermoplasma.
_9112050
650 1 4 _aTejocote
_xInjertos.
_9112054
901 _aBK
942 _cTESIS
949 _bBC
_cTES
_d-15926
_eTS1
_h25354
_i6325
_si
999 _c6130
_d6130